Statistics for Star Wars: The Clone Wars (Season 4) A-Z

Click here to take the quiz!

General Stats

  • This quiz has been taken 18 times
  • The average score is 8 of 25

Answer Stats

LetterHintAnswer% Correct
BDuchess Satine's sister and a member of Death WatchBo-Katan Kryze
94%
GDuring the Battle of Mon Cala, the Mon Calamari are aided by what aquatic species?Gungan
69%
MSavage Opress' brother whom he searches forMaul
69%
RObi-Wan goes undercover in a prison as this bounty hunter known as the "Marksman of Concord Dawn"Rako Hardeen
63%
DNickname of clone trooper CT-6922Dogma
56%
PA Besalisk male Jedi Master who held the record for the most clone trooper casualtiesPong Krell
56%
UA planet known as the "Shadow World" due to the lack of sunlight on its surfaceUmbara
50%
EA Kyuzo male bounty hunter and participant of a series of tests within The BoxEmbo
44%
ZA humanoid feline species who were predominantly slaversZygerrian
44%
AAn amphibious model of battle droidAqua Droid
38%
LA male Mon Calamari who served as the leader of Mon CalaLee-Char
31%
WThe nickname of a clone trooper pilot who served in the 104th BattalionWarthog
25%
YA male Mon Calamari who served as the King of Mon Cala, but was assassinatedYos Kolina
19%
CA peaceful, snow-covered planet in the Outer Rim TerritoriesCarlac
13%
HNassive jellyfish cyborgs combined with armor and other cybernetic enhancementsHydroid Medusa
13%
KAn idyllic world filled with vast green valleys and flowing waterfalls home to about 50,000 Togruta colonistsKiros
13%
NJedi Master Kit Fisto is a member of this speciesNautolan
13%
OA female Sollux who resided in the underworld of Aleen and possess magical powersOrphne
13%
QA small planet located whose high atmospheric pressure rendered its surface uninhabitable. However, the planet's crystalline caverns were capable of supporting lifeQuarzite
13%
SA Sakiyan bounty hunter known as the Outlands Butcher who participated in a series of tests within The BoxSixtat
13%
TBounty hunter Latts Razzi is a member of this speciesTheelin
13%
FTwazzi is a skilled acrobatic and participant of a series of tests within The Box, she is a member of this speciesFrenk
6%
IA crawler tank that looked like a giant mechanical centipede.{Impeding} Assault Tank
6%
VA stationary, non-sentient creature with tentacles and a toothy mouth, which has a long grasping tongueVixus
6%
XThe bounty hunters Latts Razzi and C-21 Highsinger are seen using this pistol during a bounty mission{X}-{8} Night Sniper
6%

Score Distribution

Percentile by Number Answered

Percent of People with Each Score

Your Score History

You have not taken this quiz